<?xml version="1.0" encoding="UTF-8"?>
<record
    xmlns:xsi="http://www.w3.org/2001/XMLSchema-instance"
    xsi:schemaLocation="http://www.loc.gov/MARC21/slim http://www.loc.gov/standards/marcxml/schema/MARC21slim.xsd"
    xmlns="http://www.loc.gov/MARC21/slim">

  <leader>00568nam a22001217a 4500</leader>
  <controlfield tag="008">090802t        xxu||||| |||| 00| 0 eng d</controlfield>
  <datafield tag="082" ind1=" " ind2=" ">
    <subfield code="a">301.21</subfield>
    <subfield code="b">&#x643; &#x633; &#x628;</subfield>
  </datafield>
  <datafield tag="245" ind1=" " ind2=" ">
    <subfield code="a">&#x627;&#x644;&#x63A;&#x631;&#x628; &#x648;&#x643;&#x62A;&#x627;&#x628;&#x629; &#x627;&#x644;&#x62A;&#x627;&#x631;&#x64A;&#x62E; &#x628;&#x62F;&#x645; &#x627;&#x644;&#x622;&#x62E;&#x631;:</subfield>
    <subfield code="b">/&#x62E;&#x631;&#x627;&#x641;&#x629; &#x635;&#x631;&#x627;&#x639; &#x627;&#x644;&#x62D;&#x636;&#x627;&#x631;&#x627;&#x62A;</subfield>
    <subfield code="c">&#x637;&#x647; &#x645;&#x62D;&#x645;&#x62F; &#x643;&#x633;&#x628;&#x647;</subfield>
  </datafield>
  <datafield tag="300" ind1=" " ind2=" ">
    <subfield code="a">152  &#x61B; &#x635;</subfield>
    <subfield code="c">18 &#x633;&#x645;</subfield>
  </datafield>
  <datafield tag="650" ind1=" " ind2=" ">
    <subfield code="9">8287</subfield>
    <subfield code="a">&#x627;&#x644;&#x635;&#x631;&#x627;&#x639; &#x627;&#x644;&#x62B;&#x642;&#x627;&#x641;&#x649;</subfield>
  </datafield>
  <datafield tag="942" ind1=" " ind2=" ">
    <subfield code="2">ddc</subfield>
    <subfield code="c">BB</subfield>
  </datafield>
  <datafield tag="999" ind1=" " ind2=" ">
    <subfield code="c">12492</subfield>
    <subfield code="d">12492</subfield>
  </datafield>
  <datafield tag="952" ind1=" " ind2=" ">
    <subfield code="0">0</subfield>
    <subfield code="1">0</subfield>
    <subfield code="2">ddc</subfield>
    <subfield code="4">0</subfield>
    <subfield code="7">0</subfield>
    <subfield code="8">Alef-Baa</subfield>
    <subfield code="a">MAIN</subfield>
    <subfield code="b">MAIN</subfield>
    <subfield code="c">1ST</subfield>
    <subfield code="d">2009-08-02</subfield>
    <subfield code="e">purchase</subfield>
    <subfield code="l">1</subfield>
    <subfield code="m">1</subfield>
    <subfield code="o">301.21 &#x627;&#x644;&#x63A;</subfield>
    <subfield code="p">000017635</subfield>
    <subfield code="r">2025-07-15 00:00:00</subfield>
    <subfield code="s">2013-10-29</subfield>
    <subfield code="y">BB</subfield>
  </datafield>
</record>
